1517 1065 1845 1573 1107 1788 1792 1634 1109 1050 1885 1555 1964 1471 1090 1885 1420 1960 1219 1971 1095 1307 1791 1890 1514 1210 1786 1793 1989 1072 1301 1685 1907 1988 1177 1453 1715 1160 1701 1406 1990 1612 1380 1524 1668 1447 1553 1692 1776 1586 1636 1227 1800 1857 1436 1714 1879 1200 1731 1627 1321 1368 1205 1334 1739 1936 1960 1726 1549 1259 1845 1411 1299 1982 1335 1428 1683 1531 1856 1870 1785 1970 1968 1503 1277 1502 1735 1846 1524 1062 1436 1516 1286 1007 1912 1737 1683 1440 1402 BCNSPRNW ULIB Ver.6.0+V

เปลี่ยนเป็นภาษาไทย

Change to English
 แสดงรายละเอียดบรรณานุกรม
  กลับหน้าหลัก

Brief Record : Get Marc (ISO 2709) : E-mail record : QR code < ปิดหน้าต่าง
LEADER : 00000nam 2200000uu 4500
001    13399127024
003     ULIB
008    020711s2559 th a 000 0 tha d
020    ^a9786163920171
060    ^aWS103^bก344ร
110 1  ^aกองบรรณาธิการสำนักพิมพ์โลกหนังสือ
245    ^aราชสีห์กับวัวสี่ตัว (THE LION AND THE FOUR OX EN) (สองภาษาไทย-อังกฤษ)
250    ^aพิมพ์ครั้งที่ 1
260    ^aกรุงเทพฯ :^bบริษัทสำนักพิมพ์โลกหนังสือ จำกัด,^c2559
300    ^a8 หน้า;^b21 ซม.
650    ^aเด็ก^xการเรียนการสอน
945    ^p35^l0^i006212
999    ^aประนอม เกษจรัล
รายการนี้ยังไม่มีแท็ก
คุณยังไม่ได้ล็อกอิน คุณสามารถมีกิจกรรมร่วมกับเว็บไซต์ได้ แต่ต้องล็อกอินก่อน ::
  ล็อกอิน

รายการสื่อสารสนเทศ

ลำดับที่ ประเภท เลขเรียก/บาร์โค้ด สถานที่ สถานะ
1. วิทยาศาสตร์การแพทย์ และสุขภาพ
วิทยาศาสตร์การแพทย์ และสุขภาพ
WS103 ก344ร ฉ.1 
  Barcode: 006212
ห้องสมุดวิทยาเขตสวรรค์ประชารักษ์
►หนังสือทั่วไป
ถูกยืม กำหนดส่งวันที่ 24 เมษายน 2568
  จอง

BibComment


ยังไม่เคยถูกคอมเมนท์

คอมเมนท์ทรัพยากรรายการนี้
  คอมเมนท์: ราชสีห์กับวัวสี่..


 Copyright 2026. Bcnsprnw @Library